|
|
|
|
| LEADER |
00000nam0a2200000 4500 |
| 001 |
145069 |
| 005 |
20231101221132.0 |
| 010 |
|
|
|a 9785987040647
|
| 035 |
|
|
|a (RuTPU)RU\TPU\book\157224
|
| 090 |
|
|
|a 145069
|
| 100 |
|
|
|a 20081013d2008 m y0rusy50 ca
|
| 101 |
0 |
|
|a rus
|
| 102 |
|
|
|a RU
|
| 105 |
|
|
|a a j 001zy
|
| 200 |
1 |
|
|a Экономико-статистический анализ кредитных операций коммерческого банка
|e учебное пособие для вузов
|f Л. Г. Батракова
|
| 210 |
|
|
|a Москва
|c Логос
|d 2008
|
| 215 |
|
|
|a 216 с.
|c ил.
|
| 225 |
1 |
|
|a Новая университетская библиотека
|
| 320 |
|
|
|a Библиогр.: с. 212-214.
|
| 330 |
|
|
|a Раскрываются ключевые аспекты анализа кредитных операций коммерческих банков. На основе официальных материалов представлены методические рекомендации по анализу формирования и использования кредитных ресурсов. Производится оценка стоимости банковских ресурсов, используемых для кредитования, с учетом норм резервирования и налогообложения. Освещены вопросы экопомико-статистического анализа краткосрочного кредитования, а также подходы к определению платежеспособности и кредитоспособности заемщика, снижающие кредитный риск. На примерах рассматривается техника финансово-экономических расчетов, включающих вопросы наращения, дисконтирования, эквивалентности различных ставок и платежей, финансовых рент, а также варианты планирования погашения долга. Результаты анализа позволяют принимать обоснованые управленческие решения об изменении направлений и методов банковского кредитования. Для студентов высших учебных заведений, получающих образование по направлениям (специальностям) «Финансы и кредит» и «Бухгалтерский учет, анализ и аудит». Может использоваться в учебном процессе вузов при подготовке кадров в области экономики и финансов по широкому кругу направлений и специальностей. Представляет интерес для специалистов банков и финансово-экономических служб предприятий и организаций.
|
| 606 |
1 |
|
|a Банковский кредит
|2 stltpush
|3 (RuTPU)RU\TPU\subj\67497
|9 83272
|
| 610 |
1 |
|
|a коммерческие банки
|
| 610 |
1 |
|
|a кредитные операции
|
| 610 |
1 |
|
|a кредитование
|
| 610 |
1 |
|
|a краткосрочное кредитование
|
| 610 |
1 |
|
|a кредитные риски
|
| 610 |
1 |
|
|a банковские проценты
|
| 610 |
1 |
|
|a наращение
|
| 610 |
1 |
|
|a дисконтирование
|
| 610 |
1 |
|
|a платежи
|
| 610 |
1 |
|
|a эквивалентность
|
| 610 |
1 |
|
|a финансовые ренты
|
| 610 |
1 |
|
|a учебные пособия
|
| 610 |
1 |
|
|a финансы
|
| 610 |
1 |
|
|a кредит
|
| 610 |
1 |
|
|a бухгалтерский учет
|
| 610 |
1 |
|
|a аудит
|
| 610 |
1 |
|
|a экономика
|
| 686 |
|
|
|a У9(2)262.2
|v LBC/SL-A
|2 rubbk
|
| 700 |
|
1 |
|a Батракова
|b Л. Г.
|g Людмила Георгиевна
|
| 801 |
|
1 |
|a RU
|b 63413507
|c 20081013
|g PSBO
|
| 801 |
|
2 |
|a RU
|b 63413507
|c 20150526
|g PSBO
|
| 900 |
|
|
|a Экономика банка
|
| 900 |
|
|
|a Экономический анализ
|
| 900 |
|
|
|a Банковское обращение и кредит
|
| 942 |
|
|
|c BK
|
| 959 |
|
|
|a 89/20081007
|d 2
|e 187,00
|f ЧЗГЛ:1
|f АНЛ:1
|